[Event "DVM U14 2015"]
[Site "Verden/Aller GER"]
[Date "2015.12.30"]
[Round "7"]
[White "Wang, Ruiming"]
[Black "Lautenbach, Max"]
[Result "1-0"]
[Termination "normal"]
[Board "8.3"]
[WhiteElo "1355"]
[BlackElo "1284"]
[WhiteTeam "SG Leipzig"]
[BlackTeam "SV Empor Erfurt"]
[PlyCount "47"]
[WhiteFideId "16217659"]
[BlackFideId "16217683"]
[EventCountry "GER"]
[EventRounds "7"]
[EventType "team-swiss"]
[EventDate "2015.12.26"]

1. e4 e5 2. Nf3 Nc6 3. Bc4 Nf6 4. Ng5 d5 5. exd5 b5 6. Bxb5 Qxd5 7. Be2 e4 8.
d3 h6 9. Nxe4 Nxe4 10. dxe4 Qxe4 11. O-O Nd4 12. Re1 Qh4 13. Bf3+ Be6 14. Bxa8
Bd6 15. g3 Qf6 16. c3 Nf5 17. Bc6+ Kf8 18. Bg2 h5 19. Be3 a5 20. Nd2 Nxe3 21.
Rxe3 Bc5 22. Ne4 Bg4 23. Nxf6 Bxd1 24. Re8# 1-0

[Event "DVM U14 2015"]
[Site "Verden/Aller GER"]
[Date "2015.12.30"]
[Round "7"]
[White "Bold, Andre"]
[Black "Askerov, Imamali"]
[Result "1/2-1/2"]
[Termination "normal"]
[Board "9.1"]
[WhiteElo "1981"]
[BlackElo "1883"]
[WhiteTeam "SC 1975 Bann"]
[BlackTeam "Post SV Uelzen"]
[PlyCount "43"]
[WhiteFideId "16208471"]
[BlackFideId "12974498"]
[EventCountry "GER"]
[EventRounds "7"]
[EventType "team-swiss"]
[EventDate "2015.12.26"]

1. d4 Nf6 2. Nf3 e6 3. c4 b6 4. g3 Bb7 5. Bg2 Be7 6. O-O O-O 7. Nc3 d5 8. Ne5
Nbd7 9. f4 Rb8 10. cxd5 exd5 11. e3 c5 12. g4 Ne4 13. Bxe4 dxe4 14. Qe2 Qc7 15.
Rd1 Nxe5 16. dxe5 Rbd8 17. Bd2 Rd3 18. Be1 Ba6 19. Rxd3 Bxd3 20. Qg2 Qc6 21.
Rd1 c4 22. Qh3 1/2-1/2

[Event "DVM U14 2015"]
[Site "Verden/Aller GER"]
[Date "2015.12.30"]
[Round "7"]
[White "von Estorff, Jacob"]
[Black "Schindler, Till"]
[Result "1-0"]
[Termination "normal"]
[Board "9.2"]
[WhiteElo "1841"]
[BlackElo "1318"]
[WhiteTeam "Post SV Uelzen"]
[BlackTeam "SC 1975 Bann"]
[PlyCount "43"]
[WhiteFideId "12974501"]
[BlackFideId "16217705"]
[EventCountry "GER"]
[EventRounds "7"]
[EventType "team-swiss"]
[EventDate "2015.12.26"]

1. e4 e5 2. Nf3 Nc6 3. d4 exd4 4. Nxd4 Bc5 5. Be3 Qf6 6. c3 Nge7 7. Be2 O-O 8.
O-O b6 9. f4 Re8 10. Qd2 Bb7 11. e5 Qg6 12. f5 Nxf5 13. Nxf5 Nd4 14. Bd3 Nxf5
15. Bxc5 Rxe5 16. Bd4 Rd5 17. Be4 Nxd4 18. Bxg6 Nf3+ 19. Rxf3 Rxd2 20. Bxf7+
Kh8 21. Nxd2 Bxf3 22. Nxf3 1-0

[Event "DVM U14 2015"]
[Site "Verden/Aller GER"]
[Date "2015.12.30"]
[Round "7"]
[White "Deppert, Smilla"]
[Black "Knüdel, Torben"]
[Result "0-1"]
[Termination "normal"]
[Board "9.3"]
[WhiteElo "1110"]
[BlackElo "1697"]
[WhiteTeam "SC 1975 Bann"]
[BlackTeam "Post SV Uelzen"]
[PlyCount "54"]
[WhiteFideId "16217713"]
[BlackFideId "16208820"]
[EventCountry "GER"]
[EventRounds "7"]
[EventType "team-swiss"]
[EventDate "2015.12.26"]

1. e4 c5 2. Nc3 Nc6 3. Nf3 e6 4. d4 cxd4 5. Nxd4 Nf6 6. Be3 d5 7. Bb5 Qc7 8.
Qf3 Bb4 9. Bd2 O-O 10. Nde2 d4 11. Bxc6 dxc3 12. bxc3 Qxc6 13. cxb4 Qxc2 14.
Nc3 Rd8 15. Qe2 b6 16. f3 Bb7 17. Qe3 Rd3 18. Qe2 Rad8 19. Rd1 Rxd2 20. Rxd2
Qxc3 21. e5 Ba6 22. Qd1 Qe3+ 23. Re2 Rxd1+ 24. Kxd1 Bxe2+ 25. Kc2 Nd5 26. Rc1
Bd3+ 27. Kb2 Qd4+ 0-1

[Event "DVM U14 2015"]
[Site "Verden/Aller GER"]
[Date "2015.12.30"]
[Round "7"]
[White "Rothenberg, Jannik"]
[Black "Wenzel, Sander"]
[Result "1-0"]
[Termination "normal"]
[Board "9.4"]
[WhiteElo "1430"]
[BlackElo "1145"]
[WhiteTeam "Post SV Uelzen"]
[BlackTeam "SC 1975 Bann"]
[PlyCount "51"]
[WhiteFideId "16204743"]
[BlackFideId "16217721"]
[EventCountry "GER"]
[EventRounds "7"]
[EventType "team-swiss"]
[EventDate "2015.12.26"]

1. d4 d5 2. c4 e6 3. Nc3 Nf6 4. Bg5 Be7 5. Nf3 c6 6. e3 Nbd7 7. Bd3 b6 8. cxd5
exd5 9. O-O Nf8 10. Ne5 Qc7 11. Rc1 Qb7 12. Nxc6 Be6 13. Nxe7 Qxe7 14. Qb3 N8d7
15. Rc2 h6 16. Bh4 g5 17. Bg3 O-O 18. Nb5 Ne4 19. Rfc1 f5 20. Nc7 f4 21. Bxe4
dxe4 22. Qxe6+ Qxe6 23. Nxe6 fxg3 24. Nxf8 gxh2+ 25. Kxh2 Rxf8 26. Rc8 1-0

[Event "DVM U14 2015"]
[Site "Verden/Aller GER"]
[Date "2015.12.30"]
[Round "7"]
[White "Anders, Julian"]
[Black "Lorenz, Tobias"]
[Result "0-1"]
[Termination "normal"]
[Board "10.1"]
[WhiteElo "1392"]
[BlackElo "1716"]
[WhiteTeam "SK Freiburg Zähringen 1887"]
[BlackTeam "SC Landskrone"]
[PlyCount "120"]
[WhiteFideId "16217748"]
[BlackFideId "12977500"]
[EventCountry "GER"]
[EventRounds "7"]
[EventType "team-swiss"]
[EventDate "2015.12.26"]

1. Nf3 Nf6 2. c4 g6 3. Nc3 Bg7 4. g3 d6 5. Bg2 c5 6. O-O O-O 7. d3 Nc6 8. a3 a6
9. Be3 Rb8 10. a4 Bd7 11. Bd2 Be8 12. Qc1 Nd7 13. Bh6 Nde5 14. Bxg7 Kxg7 15.
Ra3 Nxf3+ 16. Bxf3 Nb4 17. Nd5 Nxd5 18. Bxd5 Bc6 19. Bg2 Bxg2 20. Kxg2 d5 21.
Kg1 Qd7 22. Qe3 Rfc8 23. Rc1 d4 24. Qf3 Qf5 25. Qxf5 gxf5 26. Kg2 e5 27. f3 Kg6
28. h3 Rc6 29. g4 fxg4 30. hxg4 Rb6 31. b3 Rh8 32. Rh1 h5 33. Kf2 h4 34. Kg2
Kg5 35. Kh3 Kf4 36. Kg2 Ke3 37. Kf1 h3 38. Ke1 h2 39. Kf1 Rhh6 40. Ra2 Rh3 41.
Kg2 Kf4 42. Raa1 f5 43. Raf1 Rg3+ 44. Kf2 fxg4 45. fxg4 Kxg4 46. Ke1 Rg2 47.
Kd2 Kh3 48. Rf3+ Kh4 49. a5 Kg5 50. Rff1 Kg4 51. Kc2 Rxe2+ 52. Kd1 Re3 53. Kc2
Re2+ 54. Kd1 Ra2 55. Ke1 Ra1+ 56. Ke2 Rxf1 57. Kxf1 Kf3 58. Ke1 Ke3 59. Kd1
Kxd3 60. Kc1 e4 0-1

[Event "DVM U14 2015"]
[Site "Verden/Aller GER"]
[Date "2015.12.30"]
[Round "7"]
[White "Dittenberger, Timo"]
[Black "Schede, John"]
[Result "1/2-1/2"]
[Termination "normal"]
[Board "10.2"]
[WhiteElo "1481"]
[BlackElo "1249"]
[WhiteTeam "SC Landskrone"]
[BlackTeam "SK Freiburg Zähringen 1887"]
[PlyCount "59"]
[WhiteFideId "12977519"]
[BlackFideId "16217756"]
[EventCountry "GER"]
[EventRounds "7"]
[EventType "team-swiss"]
[EventDate "2015.12.26"]

1. d4 Nf6 2. c4 g6 3. Nc3 d5 4. Bg5 e6 5. a3 Bg7 6. Nf3 O-O 7. e3 h6 8. Bxf6
Bxf6 9. Be2 Qd6 10. c5 Qe7 11. b4 Nd7 12. O-O e5 13. Nxd5 Qd8 14. Nxf6+ Qxf6
15. d5 a5 16. e4 Qf4 17. Qc2 Nf6 18. Nd2 Bd7 19. g3 Ba4 20. Qc3 Nxe4 21. Nxe4
Qxe4 22. Bf3 Qf5 23. Rfe1 Rfe8 24. bxa5 e4 25. Bg2 Qxd5 26. Qb4 Bc6 27. Rad1
Qf5 28. Re3 Re5 29. Rc1 Rd8 30. h3 1/2-1/2

[Event "DVM U14 2015"]
[Site "Verden/Aller GER"]
[Date "2015.12.30"]
[Round "7"]
[White "Spillner, Ladis"]
[Black "Rühl, Alexander"]
[Result "1-0"]
[Termination "normal"]
[Board "10.3"]
[WhiteElo "1301"]
[BlackElo "1550"]
[WhiteTeam "SK Freiburg Zähringen 1887"]
[BlackTeam "SC Landskrone"]
[PlyCount "73"]
[WhiteFideId "16217764"]
[BlackFideId "16204131"]
[EventCountry "GER"]
[EventRounds "7"]
[EventType "team-swiss"]
[EventDate "2015.12.26"]

1. e4 e5 2. Nf3 Nc6 3. Bc4 Bc5 4. c3 Nf6 5. d3 d6 6. b4 Bb6 7. a4 a6 8. O-O O-O
9. Be3 Bxe3 10. fxe3 Be6 11. Nbd2 d5 12. exd5 Bxd5 13. e4 Be6 14. Qe2 Qd6 15.
Rad1 Rad8 16. Bxe6 fxe6 17. Nc4 Qe7 18. Nfxe5 Nxe5 19. Nxe5 Qd6 20. d4 Nd7 21.
Rxf8+ Rxf8 22. Nxd7 Qxd7 23. Qa2 Qc6 24. e5 Qd7 25. d5 Kh8 26. d6 h6 27. a5 c6
28. c4 Kh7 29. Qc2+ Kh8 30. c5 Kg8 31. Rf1 Re8 32. Qg6 Rd8 33. Rf6 Re8 34. g4
Qd8 35. Rf7 Qg5 36. Rxg7+ Kh8 37. Qh7# 1-0

[Event "DVM U14 2015"]
[Site "Verden/Aller GER"]
[Date "2015.12.30"]
[Round "7"]
[White "Dittenberger, Svenja"]
[Black "Schede, Wolf"]
[Result "0-1"]
[Termination "normal"]
[Board "10.4"]
[WhiteElo "965"]
[BlackElo "1062"]
[WhiteTeam "SC Landskrone"]
[BlackTeam "SK Freiburg Zähringen 1887"]
[PlyCount "90"]
[WhiteFideId "12996262"]
[BlackFideId "16217772"]
[EventCountry "GER"]
[EventRounds "7"]
[EventType "team-swiss"]
[EventDate "2015.12.26"]

1. e4 c5 2. Nc3 Nc6 3. Nf3 e6 4. d4 d5 5. exd5 exd5 6. Qe2+ Be7 7. Be3 b6 8.
Qd1 Nf6 9. Bb5 Bb7 10. Qe2 O-O 11. Bxc6 Bxc6 12. h3 Re8 13. Qd2 Bd6 14. O-O Ne4
15. Nxe4 dxe4 16. Ne1 Bb5 17. Nd3 exd3 18. cxd3 cxd4 19. Bxd4 Bh2+ 20. Kxh2
Qxd4 21. Rad1 Rad8 22. Rfe1 Rxe1 23. Rxe1 Kf8 24. Re4 Qd6+ 25. g3 Bxd3 26. Rh4
h6 27. Qc3 Bf5 28. Qf3 Be6 29. Rf4 f6 30. Qe4 Bxa2 31. Qh7 Qc5 32. Qh8+ Bg8 33.
h4 Rd7 34. g4 Qe5 35. Kg3 Rd3+ 36. f3 Rd4 37. g5 Qxf4+ 38. Kf2 Qxh4+ 39. Ke3
Rb4 40. gxf6 Qxf6 41. Kf2 Rxb2+ 42. Kg3 Qg5+ 43. Kh3 Rg2 44. Qxg8+ Kxg8 45. f4
Qg3# 0-1

[Event "DVM U12 2015"]
[Site "Magdeburg GER"]
[Date "2015.12.27"]
[Round "1"]
[White "Astner, Sebastian"]
[Black "Suvorov, Alexander"]
[Result "1/2-1/2"]
[Termination "normal"]
[Board "1.1"]
[WhiteElo "1678"]
[BlackElo "1946"]
[WhiteTeam "FC Ergolding 1932"]
[BlackTeam "SG Porz"]
[PlyCount "87"]
[WhiteFideId "12979422"]
[BlackFideId "12977063"]
[EventCountry "GER"]
[EventRounds "7"]
[EventType "team-swiss"]
[EventDate "2015.12.26"]

1. e4 c6 2. d4 d5 3. e5 Bf5 4. Nf3 e6 5. Bd3 Bxd3 6. Qxd3 Qa5+ 7. Bd2 Qa6 8.
Qxa6 Nxa6 9. Bc3 Ne7 10. Nbd2 Nc8 11. b3 Ba3 12. Nb1 Be7 13. a3 O-O 14. Nbd2
Nb6 15. O-O Rac8 16. Bb2 Rfd8 17. Rac1 c5 18. c3 c4 19. bxc4 dxc4 20. Ne4 Nc7
21. Rb1 Ncd5 22. Bc1 Rd7 23. Bd2 a6 24. Ra1 Na4 25. Ra2 b5 26. Rb1 Rc6 27. Kf1
f5 28. exf6 gxf6 29. Rc1 Rb6 30. g3 Kg7 31. Kg2 Rc6 32. h4 Rb7 33. g4 Rc8 34.
g5 Rg8 35. Kh2 Kf8 36. gxf6 Nxf6 37. Neg5 h6 38. Nxe6+ Kf7 39. Nf4 Ng4+ 40. Kh3
Nxf2+ 41. Kh2 Ng4+ 42. Kh3 Nf2+ 43. Kh2 Ng4+ 44. Kh3 1/2-1/2

[Event "DVM U12 2015"]
[Site "Magdeburg GER"]
[Date "2015.12.27"]
[Round "1"]
[White "Suvorov, Luca"]
[Black "Kühne, Maria"]
[Result "1-0"]
[Termination "normal"]
[Board "1.2"]
[WhiteElo "1904"]
[BlackElo "1603"]
[WhiteTeam "SG Porz"]
[BlackTeam "FC Ergolding 1932"]
[PlyCount "101"]
[WhiteFideId "12977071"]
[BlackFideId "12997412"]
[EventCountry "GER"]
[EventRounds "7"]
[EventType "team-swiss"]
[EventDate "2015.12.26"]

1. d4 d5 2. c4 e6 3. Nf3 Nf6 4. Nc3 c5 5. cxd5 Nxd5 6. e4 Nxc3 7. bxc3 cxd4 8.
cxd4 Nd7 9. Bd3 Be7 10. O-O O-O 11. Qe2 Nf6 12. Be3 b6 13. Rad1 Bb7 14. Nd2 h6
15. Bb1 Re8 16. e5 Nd5 17. Qd3 g6 18. Bxh6 Bg5 19. Bxg5 Qxg5 20. Ne4 Qe7 21. f4
Kg7 22. Nd6 Rh8 23. Qg3 Kf8 24. Be4 Ba6 25. Rf2 Qh4 26. Qxh4 Rxh4 27. Rc1 Rh7
28. f5 gxf5 29. Bxd5 exd5 30. Rxf5 Bd3 31. Rf2 Bg6 32. Rc7 a6 33. e6 f5 34.
Rxh7 Bxh7 35. Nxf5 Bxf5 36. g4 Kg7 37. gxf5 Kf6 38. h4 Rh8 39. Rf4 Rh7 40. Kh2
b5 41. Kh3 a5 42. Rf2 b4 43. Re2 Re7 44. Re5 a4 45. Rxd5 b3 46. axb3 axb3 47.
Rb5 b2 48. Rxb2 Kxf5 49. Re2 Kf6 50. d5 Rb7 51. e7 1-0

[Event "DVM U12 2015"]
[Site "Magdeburg GER"]
[Date "2015.12.27"]
[Round "1"]
[White "Sowka, Patrick"]
[Black "Pislaru, Adrian"]
[Result "0-1"]
[Termination "normal"]
[Board "1.3"]
[WhiteElo "1418"]
[BlackElo "1777"]
[WhiteTeam "FC Ergolding 1932"]
[BlackTeam "SG Porz"]
[PlyCount "62"]
[WhiteFideId "16234944"]
[BlackFideId "12940240"]
[EventCountry "GER"]
[EventRounds "7"]
[EventType "team-swiss"]
[EventDate "2015.12.26"]

1. d4 Nf6 2. c4 c5 3. Nf3 cxd4 4. Nxd4 Nc6 5. Bg5 Qa5+ 6. Bd2 Qb6 7. Nxc6 bxc6
8. Qc2 d6 9. Nc3 g6 10. e4 Ng4 11. Bc1 Bg7 12. Na4 Qb7 13. h3 Nf6 14. Bd3 c5
15. O-O O-O 16. Nc3 Nd7 17. b3 Ne5 18. Bb2 Nc6 19. Nd5 Nd4 20. Qd2 e6 21. Nf4
Bh6 22. Bxd4 cxd4 23. e5 dxe5 24. Qe2 Qc7 25. Be4 Rb8 26. Nd3 f5 27. Bf3 e4 28.
Bxe4 fxe4 29. Qxe4 Bg7 30. f4 Re8 31. f5 Bb7 0-1

[Event "DVM U12 2015"]
[Site "Magdeburg GER"]
[Date "2015.12.27"]
[Round "1"]
[White "Pislaru, Marius"]
[Black "Handschuh, Felix"]
[Result "1/2-1/2"]
[Termination "normal"]
[Board "1.4"]
[WhiteElo "1698"]
[BlackElo "1148"]
[WhiteTeam "SG Porz"]
[BlackTeam "FC Ergolding 1932"]
[PlyCount "87"]
[WhiteFideId "12940259"]
[BlackFideId "12997447"]
[EventCountry "GER"]
[EventRounds "7"]
[EventType "team-swiss"]
[EventDate "2015.12.26"]

1. Nf3 Nc6 2. d4 e6 3. g3 Nf6 4. Bg2 Be7 5. O-O O-O 6. c4 d5 7. Nc3 b6 8. Qc2
Nb4 9. Qb1 Ba6 10. a3 Nc6 11. Rd1 Bxc4 12. b3 Ba6 13. e4 dxe4 14. Nxe4 Be2 15.
Rd2 Bxf3 16. Nxf6+ Bxf6 17. Bxf3 Qe8 18. Bb2 Rd8 19. Qe4 Na5 20. Qc2 c5 21.
Rad1 Nc6 22. dxc5 Rxd2 23. Rxd2 Bxb2 24. Qxb2 bxc5 25. Bxc6 Qxc6 26. Rc2 Rd8
27. Rc1 h5 28. Qc3 Rc8 29. b4 c4 30. Qe5 Qd5 31. Qe3 a6 32. Qb6 Qb5 33. Qd6 c3
34. Qd4 e5 35. Qe3 c2 36. Qb3 Qc4 37. Qxc4 Rxc4 38. Kf1 Rc3 39. Ke1 Rxa3 40.
Rxc2 Ra4 41. Rc6 Rxb4 42. Rxa6 f6 43. Ra7 Rb1+ 44. Ke2 1/2-1/2

[Event "DVM U12 2015"]
[Site "Magdeburg GER"]
[Date "2015.12.27"]
[Round "1"]
[White "Henning, Marvin"]
[Black "Stirnberg, Noah"]
[Result "1-0"]
[Termination "normal"]
[Board "2.1"]
[WhiteElo "1774"]
[BlackElo "1688"]
[WhiteTeam "Reideburger SV 90 Halle"]
[BlackTeam "SK Blauer Springer Paderborn 1926"]
[PlyCount "59"]
[WhiteFideId "12957399"]
[BlackFideId "16207742"]
[EventCountry "GER"]
[EventRounds "7"]
[EventType "team-swiss"]
[EventDate "2015.12.26"]

1. e4 c5 2. Nc3 Nc6 3. f4 e6 4. Nf3 d5 5. Bb5 Nf6 6. e5 Nd7 7. Bxc6 bxc6 8. O-O
Be7 9. Qe1 Ba6 10. d3 c4 11. d4 c5 12. Be3 cxd4 13. Nxd4 Bc5 14. Kh1 O-O 15.
Qg3 Kh8 16. f5 Nxe5 17. Nxe6 fxe6 18. Bxc5 Re8 19. Bd4 Qd7 20. fxe6 Rxe6 21.
Bxe5 Rae8 22. Rad1 Bb7 23. Ne4 Qe7 24. Ng5 Rg6 25. Bf4 h6 26. Rde1 Qd7 27. Qh3
Bc6 28. Qxd7 Bxd7 29. Rxe8+ Bxe8 30. Nf3 1-0

[Event "DVM U12 2015"]
[Site "Magdeburg GER"]
[Date "2015.12.27"]
[Round "1"]
[White "Brockhoff, Moritz"]
[Black "Post, Hugo"]
[Result "1-0"]
[Termination "normal"]
[Board "2.2"]
[WhiteElo "1497"]
[BlackElo "1737"]
[WhiteTeam "SK Blauer Springer Paderborn 1926"]
[BlackTeam "Reideburger SV 90 Halle"]
[PlyCount "65"]
[WhiteFideId "16214927"]
[BlackFideId "12962490"]
[EventCountry "GER"]
[EventRounds "7"]
[EventType "team-swiss"]
[EventDate "2015.12.26"]

1. d4 Nf6 2. c4 c5 3. d5 b5 4. cxb5 a6 5. b6 d6 6. Nc3 Nbd7 7. Qa4 Qxb6 8. a3
g6 9. e4 Bg7 10. f3 O-O 11. Nge2 Ne5 12. Nf4 Bd7 13. Qc2 c4 14. Nd1 g5 15. Be3
Qa5+ 16. Bd2 Qc7 17. Nd3 Nxd3+ 18. Bxd3 Rfc8 19. Rc1 g4 20. Bxc4 Bb5 21. b3 Ra7
22. Ne3 gxf3 23. gxf3 Qd8 24. a4 Bd7 25. Qd3 a5 26. Ke2 Raa8 27. Rhg1 Kh8 28.
Bc3 Qf8 29. Rg3 e5 30. dxe6 fxe6 31. Rcg1 Bh6 32. Rg8+ Qxg8 33. Bxf6+ 1-0

[Event "DVM U12 2015"]
[Site "Magdeburg GER"]
[Date "2015.12.27"]
[Round "1"]
[White "Matthiessen, Linus"]
[Black "Seidel, Arne Christian"]
[Result "0-1"]
[Termination "normal"]
[Board "2.4"]
[WhiteElo "1237"]
[BlackElo "1488"]
[WhiteTeam "SK Blauer Springer Paderborn 1926"]
[BlackTeam "Reideburger SV 90 Halle"]
[PlyCount "90"]
[WhiteFideId "16222555"]
[BlackFideId "16235142"]
[EventCountry "GER"]
[EventRounds "7"]
[EventType "team-swiss"]
[EventDate "2015.12.26"]

1. d4 Nf6 2. Bf4 g6 3. Nf3 d6 4. e3 Bg7 5. Bd3 Nbd7 6. c3 O-O 7. Nbd2 c5 8. Ng5
Nd5 9. Bc4 Nxf4 10. exf4 cxd4 11. cxd4 Bxd4 12. Nde4 Bxb2 13. Rb1 Qa5+ 14. Nd2
Bg7 15. O-O Nf6 16. Qb3 d5 17. Qb5 Qxd2 18. Nf3 Qxf4 19. Bxd5 Nxd5 20. Qxd5 Qf5
21. Qc4 Be6 22. Qa4 b6 23. h3 Rfc8 24. Qa3 Qc5 25. Qa4 Qc4 26. Qa3 Qxa2 27.
Qxa2 Bxa2 28. Rbe1 Bc4 29. Rxe7 Bxf1 30. Kxf1 a5 31. g3 a4 32. Re2 a3 33. Ra2
Bb2 34. Nd2 Rc1+ 35. Kg2 Ra1 36. Rxa1 Bxa1 37. Nb3 Bg7 38. h4 a2 39. Kh3 a1=Q
40. Nxa1 Rxa1 41. f4 Ra2 42. Kg4 f5+ 43. Kg5 Kf7 44. h5 h6+ 45. Kh4 Rh2# 0-1

[Event "DVM U12 2015"]
[Site "Magdeburg GER"]
[Date "2015.12.27"]
[Round "1"]
[White "Nguyen, Alex Dac-Vuong"]
[Black "Henzgen, Nick"]
[Result "1-0"]
[Termination "normal"]
[Board "3.2"]
[WhiteElo "1873"]
[BlackElo "1523"]
[WhiteTeam "BSG Grün-Weiß Leipzig"]
[BlackTeam "TSG Apolda"]
[PlyCount "107"]
[WhiteFideId "12984388"]
[BlackFideId "16212347"]
[EventCountry "GER"]
[EventRounds "7"]
[EventType "team-swiss"]
[EventDate "2015.12.26"]

1. e4 e5 2. Nf3 Nc6 3. d4 exd4 4. Bc4 Bb4+ 5. c3 dxc3 6. O-O Nge7 7. a3 Ba5 8.
b4 Bb6 9. Nxc3 O-O 10. Bg5 Qe8 11. Nd5 Nxd5 12. exd5 Ne5 13. Re1 d6 14. Nxe5
dxe5 15. d6 cxd6 16. Qxd6 Qd7 17. Qxe5 Bd4 18. Qf4 Bxa1 19. Be7 Be5 20. Qxe5
Re8 21. Bb5 Qxe7 22. Qxe7 Rxe7 23. Rxe7 Be6 24. Kf1 a6 25. Bd3 b5 26. Be4 Rd8
27. Ke2 Kf8 28. Ra7 Rd6 29. Ke3 f5 30. Bb7 Bc4 31. Rxa6 Rxa6 32. Bxa6 Ke7 33.
a4 Kd7 34. Bxb5+ Bxb5 35. axb5 g5 36. Kd4 Kd6 37. f3 h5 38. Kc4 f4 39. h3 h4
40. Kd4 Ke6 41. Kc5 Ke7 42. Kc6 Ke6 43. b6 Ke5 44. b7 Kd4 45. b8=Q Ke3 46. Qe5+
Kf2 47. Qxg5 Kg1 48. Qxh4 Kh2 49. Kd5 Kg1 50. Ke4 Kh2 51. Kxf4 Kg1 52. Kg3 Kh1
53. Qe4 Kg1 54. Qe1# 1-0

[Event "DVM U12 2015"]
[Site "Magdeburg GER"]
[Date "2015.12.27"]
[Round "1"]
[White "Liebeskind, Pascal"]
[Black "Haufe, Laurin"]
[Result "0-1"]
[Termination "normal"]
[Board "3.3"]
[WhiteElo "1654"]
[BlackElo "1575"]
[WhiteTeam "TSG Apolda"]
[BlackTeam "BSG Grün-Weiß Leipzig"]
[PlyCount "86"]
[WhiteFideId "16212380"]
[BlackFideId "12976504"]
[EventCountry "GER"]
[EventRounds "7"]
[EventType "team-swiss"]
[EventDate "2015.12.26"]

1. d4 Nf6 2. Nf3 e6 3. Bf4 d5 4. e3 Bd6 5. Bg3 Nc6 6. Nbd2 h6 7. c3 Nh5 8. Bd3
Nxg3 9. hxg3 e5 10. dxe5 Nxe5 11. Nxe5 Bxe5 12. Nf3 Bf6 13. Qc2 Bd7 14. O-O-O
c6 15. Rhe1 Qc7 16. e4 O-O-O 17. exd5 cxd5 18. Bf5 Bxf5 19. Qxf5+ Qd7 20. Qxd7+
Rxd7 21. Nd4 Bxd4 22. Rxd4 Rhd8 23. Red1 b6 24. Kd2 Re7 25. Re1 Rxe1 26. Kxe1
Kc7 27. Ke2 Kc6 28. Kf3 Kd6 29. Kf4 Ke6 30. c4 Rd6 31. cxd5+ Rxd5 32. Rxd5 Kxd5
33. Ke3 f5 34. b3 Kc5 35. a3 g5 36. Kd3 b5 37. g4 fxg4 38. Ke4 a6 39. Kf5 b4
40. a4 Kd4 41. Kxg4 Kc3 42. Kh5 Kxb3 43. Kxh6 Kxa4 0-1

[Event "DVM U12 2015"]
[Site "Magdeburg GER"]
[Date "2015.12.27"]
[Round "1"]
[White "Rose, Noah"]
[Black "Kroh, Christian"]
[Result "1/2-1/2"]
[Termination "normal"]
[Board "3.4"]
[WhiteElo "1547"]
[BlackElo "1438"]
[WhiteTeam "BSG Grün-Weiß Leipzig"]
[BlackTeam "TSG Apolda"]
[PlyCount "53"]
[WhiteFideId "12990191"]
[BlackFideId "12995606"]
[EventCountry "GER"]
[EventRounds "7"]
[EventType "team-swiss"]
[EventDate "2015.12.26"]

1. e4 e5 2. Nf3 Nf6 3. Nxe5 d6 4. Nf3 Nxe4 5. Nc3 Nf6 6. d4 d5 7. Be2 Be7 8.
O-O O-O 9. Bd3 Bg4 10. h3 Bh5 11. Be3 Nc6 12. a3 a6 13. Qe2 Re8 14. Rfe1 Bd6
15. Qd1 Bf8 16. Be2 h6 17. Nd2 Bxe2 18. Rxe2 Qd7 19. Nb3 Rad8 20. Qd2 Ne4 21.
Nxe4 dxe4 22. Rd1 b6 23. Ree1 Re6 24. Kh1 Rg6 25. c3 Qf5 26. Qc2 Ne7 27. Qe2
1/2-1/2

[Event "DVM U12 2015"]
[Site "Magdeburg GER"]
[Date "2015.12.27"]
[Round "1"]
[White "Huber, Benedikt"]
[Black "Brunner, Sophia"]
[Result "1/2-1/2"]
[Termination "normal"]
[Board "4.1"]
[WhiteElo "1960"]
[BlackElo "1585"]
[WhiteTeam "SK München Südost"]
[BlackTeam "Hagener SV"]
[PlyCount "82"]
[WhiteFideId "12923583"]
[BlackFideId "12960683"]
[EventCountry "GER"]
[EventRounds "7"]
[EventType "team-swiss"]
[EventDate "2015.12.26"]

1. d4 Nf6 2. Nc3 d5 3. Bg5 Nc6 4. Bxf6 gxf6 5. e3 a6 6. a3 Bf5 7. Nge2 Qd7 8.
Nf4 e6 9. h4 Rg8 10. Be2 h6 11. Bd3 Bxd3 12. Qxd3 O-O-O 13. O-O-O Bd6 14. Nce2
Na5 15. Rhg1 Nc4 16. Nc3 Bxf4 17. exf4 Qd6 18. Ne2 Qb6 19. Qb3 Qxb3 20. cxb3
Nd6 21. g4 Ne4 22. f3 Nd6 23. Ng3 Kd7 24. Nh5 Ne8 25. Rde1 Rc8 26. b4 b6 27.
Kd2 c5 28. bxc5 bxc5 29. dxc5 Rxc5 30. Rc1 Rxc1 31. Rxc1 f5 32. Rg1 fxg4 33.
Rxg4 Rg6 34. Kd3 Kc6 35. f5 exf5 36. Ra4 Nc7 37. Nf4 Rg3 38. Ke3 Rg8 39. Kd3
Rg3 40. Ke3 Rg8 41. Kd3 Rg3 1/2-1/2

[Event "DVM U12 2015"]
[Site "Magdeburg GER"]
[Date "2015.12.27"]
[Round "1"]
[White "Scheidt, Mike Niklas"]
[Black "Lohvinov, Petro"]
[Result "1/2-1/2"]
[Termination "normal"]
[Board "4.2"]
[WhiteElo "1393"]
[BlackElo "1693"]
[WhiteTeam "Hagener SV"]
[BlackTeam "SK München Südost"]
[PlyCount "75"]
[WhiteFideId "12965235"]
[BlackFideId "14176661"]
[EventCountry "GER"]
[EventRounds "7"]
[EventType "team-swiss"]
[EventDate "2015.12.26"]

1. d4 Nf6 2. Bf4 e6 3. Nc3 Bb4 4. f3 b6 5. e4 Bb7 6. Qd2 a6 7. g4 d6 8. Nge2
Nbd7 9. h4 Qe7 10. h5 O-O-O 11. O-O-O g6 12. hxg6 fxg6 13. a3 Bxc3 14. Qxc3 Kb8
15. Bg2 Qf7 16. Kb1 Rc8 17. e5 Nd5 18. Qd2 Nxf4 19. Qxf4 Qxf4 20. Nxf4 dxe5 21.
Nxe6 exd4 22. Nxd4 Ne5 23. Rhe1 Nxg4 24. fxg4 Bxg2 25. Re7 h5 26. Rg7 hxg4 27.
Rxg6 Bf3 28. Rf1 Rhg8 29. Rxg8 Rxg8 30. Nxf3 gxf3 31. Rxf3 Kb7 32. Rf2 Rg7 33.
b3 Kc6 34. Kb2 Kc5 35. Rd2 Kc6 36. Re2 Kd5 37. Rd2+ Kc6 38. Re2 1/2-1/2

[Event "DVM U12 2015"]
[Site "Magdeburg GER"]
[Date "2015.12.27"]
[Round "1"]
[White "Grunert, Friedrich"]
[Black "Lindemann, Jarno"]
[Result "1-0"]
[Termination "normal"]
[Board "4.3"]
[WhiteElo "1694"]
[BlackElo "1364"]
[WhiteTeam "SK München Südost"]
[BlackTeam "Hagener SV"]
[PlyCount "57"]
[WhiteFideId "12995592"]
[BlackFideId "12977934"]
[EventCountry "GER"]
[EventRounds "7"]
[EventType "team-swiss"]
[EventDate "2015.12.26"]

1. e4 d5 2. exd5 Qxd5 3. Nc3 Qa5 4. d4 Nf6 5. Nf3 Bg4 6. h3 Bh5 7. Bd2 c6 8.
Bc4 Qc7 9. O-O e6 10. Re1 Nbd7 11. Re3 Bd6 12. Ne4 Bf4 13. Nxf6+ Nxf6 14. Rd3
Bd6 15. Rb3 Ne4 16. Qe1 Nxd2 17. Qxd2 Bf4 18. Qe1 O-O-O 19. Rd1 Bg6 20. Qe2 Rd6
21. Nh4 Rhd8 22. Nxg6 hxg6 23. Ba6 R8d7 24. Rxb7 Qd8 25. Rb3+ Kc7 26. Qe1 Rd5
27. c4 Rh5 28. c5 Re7 29. Rb7+ 1-0